MARC

LEADER 00000nam0a2200000 4500
001 367871
005 20231102012028.0
035 |a (RuTPU)RU\TPU\retro\25234 
090 |a 367871 
100 |a 20220324d1980 m y0rusy50 ca 
101 0 |a rus 
102 |a RU 
105 |a a j 001zy 
200 1 |a Практикум по программированию на алгоритмических языках  |e учебное пособие для вузов  |f Г. И. Светозарова, Е. В. Сигитов, А. В. Козловский  |g под ред. С. В. Емельянова 
210 |a Москва  |c Наука  |d 1980 
215 |a 320 с.  |c ил. 
320 |a Библиогр.: с.319 
606 1 |a Алгоритмические языки  |2 stltpush  |3 (RuTPU)RU\TPU\subj\1756  |9 30453 
610 1 |a учебные пособия 
610 1 |a программирование 
610 1 |a практикумы 
610 1 |a ЭВМ 
610 1 |a Наири 
610 1 |a Фортран 
610 1 |a алгебраические уравнения 
610 1 |a трансцендентные уравнения 
610 1 |a решение 
675 |a 681.3.06:800.92(076.5)  |v 4 
700 1 |a Светозарова  |b Г. И.  |g Галина Ивановна 
701 1 |a Сигитов  |b Е. В.  |g Евгений Васильевич 
701 1 |a Козловский  |b А. В.  |g Алексей Вадимович 
702 1 |a Емельянов  |b С. В.  |4 340 
801 1 |a RU  |b 63413507  |c 20220324 
942 |c BK